[Event "COL pre olympic sf3"]
[Site "Dosquebradas"]
[Date "2018.06.03"]
[Round "9"]
[White "Casas Cobos, Julio Eduardo"]
[Black "Varela, Maria de los Angele"]
[Result "0-1"]
[WhiteElo "1944"]
[BlackElo "1794"]
[PlyCount "86"]
[EventDate "2018.05.30"]
[EventType "swiss"]
[EventRounds "10"]
[EventCountry "COL"]
[SourceTitle "CBM 184 Extra"]
[Source "ChessBase"]
[SourceDate "2018.06.28"]
[SourceVersion "1"]
[SourceVersionDate "2018.06.28"]
[SourceQuality "1"]

1. e4 c5 2. Nc3 a6 3. f4 b5 4. Nf3 Bb7 5. d3 e6 6. Be2 d5 7. e5 Nc6 8. 0-0 Nh6 9. Ng5 Be7 10. Nh3 Qb6 11. Kh1 Nf5 12. Bg4 g6 13. a4 b4 14. Ne2 0-0-0 15. c3 Ng7 16. Be3 d4 17. cxd4 Nxd4 18. Rc1 Kb8 19. Nxd4 cxd4 20. Bg1 Nf5 21. Bf3 Nh4 22. Be4 Rc8 23. Ng5 Rxc1 24. Qxc1 Rc8 25. Qd2 b3 26. Qf2 Nf5 27. Rb1 Rc2 28. Qe1 Bb4 29. Qf1 Ne3 30. Qf3 Nxg2 31. Bxb7 Nh4 32. Qe4 Qxb7 33. Bxd4 h6 34. Qxb7+ Kxb7 35. Ne4 Nf3 36. Bg1 Kc6 37. Bf2 Nd2 38. Nxd2 Bxd2 39. Bd4 Bxf4 40. Rf1 g5 41. h4 Kd5 42. Bc3 Bxe5 43. Rxf7 Bxc3 0-1

[Event "COL pre olympic sf3"]
[Site "Dosquebradas"]
[Date "2018.06.03"]
[Round "8"]
[White "Martinez, Cristian Camilo"]
[Black "Varela, Maria de los Angele"]
[Result "1/2-1/2"]
[WhiteElo "1890"]
[BlackElo "1794"]
[PlyCount "63"]
[EventDate "2018.05.30"]
[EventType "swiss"]
[EventRounds "10"]
[EventCountry "COL"]
[SourceTitle "CBM 184 Extra"]
[Source "ChessBase"]
[SourceDate "2018.06.28"]
[SourceVersion "1"]
[SourceVersionDate "2018.06.28"]
[SourceQuality "1"]

1. e4 c5 2. Nf3 e6 3. d4 cxd4 4. Nxd4 a6 5. Nc3 b5 6. Bd3 Qb6 7. Nb3 Nc6 8. Be3 Qc7 9. a3 Nf6 10. f4 d6 11. 0-0 Be7 12. Qf3 Bb7 13. Rae1 h5 14. h3 h4 15. Bf2 0-0-0 16. Qe3 Nd7 17. Ne2 Rdg8 18. c4 b4 19. Ned4 bxa3 20. bxa3 Nc5 21. Nxc6 Bxc6 22. Nxc5 dxc5 23. e5 g5 24. Be4 g4 25. hxg4 Rxg4 26. Qf3 Bxe4 27. Qxg4 Bd3 28. Qf3 Bxf1 29. Qa8+ Qb8 30. Qxa6+ Qb7 31. Qxb7+ Kxb7 32. Kxf1 1/2-1/2

[Event "COL pre olympic sf3"]
[Site "Dosquebradas"]
[Date "2018.06.01"]
[Round "4"]
[White "Vargas, Edwin Antonio"]
[Black "Varela, Maria de los Angele"]
[Result "0-1"]
[WhiteElo "2022"]
[BlackElo "1794"]
[PlyCount "48"]
[EventDate "2018.05.30"]
[EventType "swiss"]
[EventRounds "10"]
[EventCountry "COL"]
[SourceTitle "CBM 184 Extra"]
[Source "ChessBase"]
[SourceDate "2018.06.28"]
[SourceVersion "1"]
[SourceVersionDate "2018.06.28"]
[SourceQuality "1"]

1. d4 Nf6 2. f4 g6 3. Nf3 Bg7 4. e3 d6 5. Be2 0-0 6. Nc3 Nc6 7. e4 Bg4 8. 0-0 Bxf3 9. Bxf3 e5 10. d5 Nd4 11. Be3 Re8 12. g3 Qd7 13. Qd3 Nxf3+ 14. Rxf3 Qh3 15. Raf1 Ng4 16. Qe2 f5 17. fxe5 Rxe5 18. Bc1 fxe4 19. Rf4 h5 20. Rxe4 Rae8 21. Rxe5 Bxe5 22. Qg2 Bd4+ 23. Kh1 Nf2+ 24. Kg1 Ne4+ 0-1